Falling leaves : the true story of an unwanted Chinese daughter

Main Author: Mah, Adeline Yen (Author)
Published: London: Michael Joseph, 1997
Subjects:
LEADER 00927cam a2200265 7i4500
001 0000077607
005 20250122090000.0
008 250122t19971997nyu# ### #00001engm#
020 # # |a 9780140265989  
040 # # |a UMT   |b eng   |c UMT   |e rda 
090 0 0 |a CT 275   |b .M3 1997 
100 1 # |a Mah, Adeline Yen   |e author  
245 1 0 |a Falling leaves :   |b the true story of an unwanted Chinese daughter   |c Adeline Yen Mah. 
264 # 1 |a London:   |b Michael Joseph,   |c 1997 
264 # 4 |c ♭1997 
300 # # |a 278 pages:   |b illustrations;   |c 18 cm 
336 # # |a text --   |2 rdacontent 
337 # # |a unmediated --   |2 rdamedia 
338 # # |a volume --   |2 rdacarrier 
590 # # |a Perpustakaan Sultanah Nur Zahirah 
650 0 0 |a California --   |x Biography  
650 0 0 |a China --   |x Social life and customs  
650 0 0 |a Chinese Americans --   |x Biography  
650 0 0 |a Women physicians --   |x Biography  
999 |a 1100071863  |b Book  |c Open Shelf  |e KOLEKSI TERBUKA